Intermediate mathematical analysis

Kaydedildi:
Detaylı Bibliyografya
Yazar: Labarre, Anthony E (Yazar)
Materyal Türü: Kitap
Dil:İngilizce
Baskı/Yayın Bilgisi: Nueva York Holt, Rinehart and Winston Inc. 1968
Konular:
Etiketler: Etiketle
Etiket eklenmemiş, İlk siz ekleyin!

MARC

LEADER 00000cam a2200000 a 4500
001 UCF2855
003 CL-VaPUC
008 120910e19680000US |||||||||||||||||eng|d
082 0 4 |a 515  |b LAB  |2 21 
100 |a Labarre, Anthony E  |e author  |9 564687 
245 1 0 |a Intermediate mathematical analysis 
300 |a 253 p 
942 |c BK 
945 |d 20120910 00:00:00  |a dcastane 
260 |a Nueva York  |b Holt, Rinehart and Winston Inc.  |c 1968 
650 0 |a Análisis matemático   |9 260146 
650 0 |a Números complejos  |9 270335 
650 0 |a Números reales   |9 270334 
650 0 |a Álgebra  |9 259567 
650 0 |a Funciones   |9 263869 
583 |a last modification  |c 20120910 11:39:00  |k Rodrigo Vera 
999 |c 349393  |d 349391 
952 |0 0  |1 0  |4 0  |6 515_000000000000000_LAB_1968  |7 0  |8 A  |9 452002  |a BIBMAT  |b BIBMAT  |d 2019-11-22  |i 4888340  |o 515 LAB 1968  |p 4888340  |r 2025-01-07  |w 2019-11-22  |y BK  |k MAT